| 000 | 01347nam a22004097a 4500 | ||
|---|---|---|---|
| 001 | 0051804 | ||
| 003 | KOHA_MİRAKIL | ||
| 005 | 20260207003819.0 | ||
| 007 | ta | ||
| 008 | 150629b2013 tu |||gr||||#||||0|tur | | ||
| 020 | _a9786051336879 | ||
| 040 |
_aTR-BiSEU _btur _cTR-BiSEU _erda |
||
| 041 | 0 | _atur | |
| 044 | _ctu | ||
| 050 |
_aHB3711 _b.K33 2013 |
||
| 100 | 1 | _aKabadayı, Burhan. | |
| 245 | 1 |
_aKonjonktür dalgalanmaları ve ekonomik krizler perspektifinde dünya ekonomileri ve Türkiye : _buygulama ve analiz/ _cBurhan Kabadayı ; Burhan Kabadayı. |
|
| 264 | 1 |
_aAnkara : _bNobel Akademik Yayıncılık _c2013 |
|
| 300 |
_aXIII, 151 sayfa ; _c24 cm. |
||
| 336 |
_ametin _btxt _2rdacontent |
||
| 337 |
_aaracısız _bn _2rdamedia |
||
| 338 |
_acilt _bnc _2rdacarrier |
||
| 490 | 1 |
_aNobel Akademik Yayıncılık ; _vYayın No. |
|
| 490 | 1 | _a785. | |
| 490 | 1 |
_aİktisat-Ekonomi ; _v151. |
|
| 500 | _aKaynakça var. | ||
| 650 | 0 |
_aKonjonktür dalgaları. _96161 |
|
| 650 | 0 |
_aEkonomik kriz. _982162 |
|
| 650 | 0 |
_aDünya ekonomisi. _996537 |
|
| 650 | 0 |
_aBusiness cycles. _96157 |
|
| 650 | 0 |
_aThe economic crisis. _996538 |
|
| 650 | 0 |
_aThe world economy. _996539 |
|
| 830 | 1 |
_aNobel Akademik Yayıncılık ; _vYayın No. _996064 |
|
| 830 | 1 |
_a785. _996540 |
|
| 830 | 1 |
_aİktisat-Ekonomi ; _v151. _996541 |
|
| 942 |
_2lcc _cBK |
||
| 999 |
_c51624 _d51624 |
||